000 00677nam a2200217Ii 4500
001 2424
003 CO-ViMGA
008 241108s9999||||xx |||||||||||||| ||und||
020 _a8475099866
040 _aCO-ViMGA
_bspa
_erda
_cCO-ViMGA
041 0 _aspa
082 0 4 _a353.078 - O716r
100 1 _aDavid Osborne
_946015
245 1 0 _aLa reinvención del gobierno:
_bLa influencia del espíritu empresarial en el sector público
264 1 _aMadrid, España : Ediciones Paidós, 1994
300 _avolumen
336 _atext
_btxt
_2rdacontent
337 _aunmediated
_bn
_2rdamedia
338 _avolume
_bnc
_2rdacarrier
940 _aidficha_siabuc: 2376. -- ficha_no_siabuc:2424
999 _c40556
_d40556